Statistics for Name Every Bob's Burgers Episode

Click here to take the quiz!

General Stats

  • This quiz has been taken 6 times
    (3 since last reset)
  • The average score is 36 of 258

Answer Stats

S:EEpisode Name% Correct
1:8Art Crawl
100%
1:7Bed & Breakfast
100%
8:1Brunchsquatch
100%
1:2Crawl Space
100%
1:1Human Flesh
100%
1:6Sheesh! Cab, Bob?
100%
8:6-7The Bleakening
100%
5:13The Gayle Tales
100%
4:15The Kids Rob a Train
100%
7:11A Few 'Gurt Men
50%
4:18Ambergris
50%
13:22Amelia
50%
9:13Bed, Bob & Beyond
50%
2:9Beefsquatch
50%
4:7Bob and Deliver
50%
2:2Bob Day Afternoon
50%
3:3Bob Fires the Kids
50%
3:22Carpe Museum
50%
4:8Christmas in the Car
50%
13:4Comet-y of Errors
50%
5:4Dawn of the Peck
50%
12:4Driving Big Dummy
50%
3:1Ear-sy Rider
50%
3:19Family Fracas
50%
2:5Food Truckin'
50%
4:2Fort Night
50%
5:3Friends with Burger-fits
50%
3:2Full Bars
50%
13:18Gift Card or Buy Trying
50%
11:4Heartbreak Hotel-oween
50%
9:7I Bob Your Pardon
50%
3:18It Snakes a Village
50%
7:5Large Brother, Where Fart Thou?
50%
5:10Late Afternoon in the Garden of Bob and Louise
50%
9:5Live and Let Fly
50%
12:7Loft in Bedslation
50%
13:21Mother Author Laser Pointer
50%
3:10Mother Daughter Laser Razor
50%
9:8Roller? I Hardly Know Her!
50%
11:11Romancing the Beef
50%
4:3Seaplane!
50%
11:18Some Kind of Fender Benderful
50%
12:21-22Some Like It Bot
50%
2:1The Belchies
50%
4:12The Frond Files
50%
6:7The Gene and Courtney Show
50%
9:20The Gene Mile
50%
7:13The Grand Mama-pest Hotel
50%
10:19The Handyman Can
50%
6:17The Horse Rider-er
50%
4:19The Kids Run Away
50%
6:2The Land Ship
50%
5:21The Oeder Games
50%
7:6The Quirkducers
50%
13:15The Show (and Tell) Must Go On
50%
3:23The Unnatural
50%
13:1To Bob or Not to Bob
50%
1:13Torpedo
50%
4:5Turkey in a Can
50%
9:9UFO No You Didn't
50%
1:11Weekend at Mort's
50%
5:1Work Hard or Die Trying, Girl
50%
5:15Adventures in Chinchilla-sitting
0%
10:12A Fish Called Tina
0%
7:15Ain't Miss Debatin'
0%
10:9All That Gene
0%
12:15Ancient Misbehavin
0%
11:13An Incon-Wheelie-ent Truth
0%
3:5An Indecent Thanksgiving Proposal
0%
13:6Apple Gore-chard! (But Not Gory)
0%
7:14Aquaticism
0%
8:16Are You There, Bob? It's Me, Birthday
0%
4:1A River Runs Through Bob
0%
8:18As I Walk Through the Alley of the Shadow of Ramps
0%
12:19A-Sprout a Boy
0%
2:8Bad Tina
0%
12:6Beach, Please
0%
5:5Best Burger
0%
9:10Better Off Sled
0%
7:9Bob Actually
0%
11:6Bob Belcher and the Terrible, Horrible, No Good, Very Bad Kids
0%
9:6Bobby Driver
0%
10:2Boys Just Wanna Have Fungus
0%
8:17Boywatch
0%
3:21Boyz 4 Now
0%
11:19Bridge Over Troubled Rudy
0%
3:12Broadcast Wagstaff School News
0%
2:4Burgerboss
0%
1:10Burger War
0%
6:16Bye Bye Boo Boo
0%
5:11Can't Buy Me Math
0%
13:11Cheaty Cheaty Bang Bang
0%
8:13Cheer Up, Sleepy Gene
0%
12:18Clear and Present Ginger
0%
11:3Copa Bob-bana
0%
13:19Crab-solutely Fabulous
0%
13:17Crows Encounters of the Bird Kind
0%
12:2Crystal Mess
0%
11:7Diarrhea of a Poopy Kid
0%
11:12Die Card, or Card Trying
0%
11:1Dream a Little Bob of Bob
0%
10:11Drumforgiven
0%
2:6Dr. Yap
0%
4:11Easy Com-mercial, Easy Go-mercial
0%
5:18Eat, Spray, Linda
0%
7:16Eggs for Days
0%
9:14Every Which Way but Goose
0%
7:8Ex Mach Tina
0%
11:5Fast Time Capsules at Wagstaff School
0%
5:6Father of the Bob
0%
12:12Ferry on My Wayward Bob and Linda
0%
11:17Fingers-loose
0%
10:16Flat-Top o' the Morning to Ya
0%
7:1Flu-ouise
0%
12:9FOMO No You Didn't
0%
12:13Frigate Me Knot
0%
6:4Gayle Makin' Bob Sled
0%
4:20Gene It On
0%
12:10Gene's Christmas Break
0%
6:19Glued, Where's My Bob?
0%
3:9God Rest Ye Merry Gentle-Mannequins
0%
8:15Go Tina on the Mountain
0%
1:5Hamburger Dinner Theater
0%
10:10Have Yourself a Maily Linda Christmas
0%
5:20Hawk & Chick
0%
6:11House of 1000 Bounces
0%
5:19Housetrap
0%
9:18If You Love It So Much, Why Don't You Marionette?
0%
4:16I Get Psy-chic Out of You
0%
12:16Interview with a Pop-pop-pire
0%
7:22Into the Mild
0%
5:17Itty Bitty Ditty Committee
0%
9:1Just One of the Boyz 4 Now for Now
0%
10:17Just the Trip
0%
10:7Land of the Loft
0%
10:5Legends of the Mall
0%
6:10Lice Things Are Lice
0%
7:12Like Gene for Chocolate
0%
5:14L'il Hard Dad
0%
3:14Lindapendent Woman
0%
1:12Lobsterfest
0%
10:21Local She-ro
0%
9:19Long Time Listener, First Time Bob
0%
9:11Lorenzo's Oil? No, Linda's
0%
12:1Manic Pixie Crap Show
0%
4:13Mazel-Tina
0%
5:8Midday Run
0%
8:20Mission Impos-slug-ble
0%
7:20Mom, Lies, and Videotapes
0%
11:9Mommy Boy
0%
8:19Mo Mommy, Mo Problems
0%
2:7Moody Foodie
0%
10:3Motor, She Boat
0%
11:14Mr. Lonely Farts
0%
3:4Mutiny on the Windbreaker
0%
4:4My Big Fat Greek Bob
0%
3:13My Fuzzy Valentine
0%
6:5Nice-Capedes
0%
9:4Nightmare on Ocean Avenue Street
0%
10:8Now We're Not Cooking with Gas
0%
3:11Nude Beach
0%
13:12Oh Row You Didn't
0%
3:15O.T.: The Outside Toilet
0%
7:21Paraders of the Lost Float
0%
10:4Pig Trouble in Little Tina
0%
10:20Poops!... I Didn't Do It Again
0%
10:22Prank You For Being a Friend
0%
4:10Presto Tina-o
0%
6:15Pro Tiki/Con Tiki
0%
9:21P.T.A. It Ain't So
0%
4:6Purple Rain-Union
0%
13:8Putts-giving
0%
13:20Radio No You Didn't
0%
13:7Ready Player Gene
0%
9:16Roamin' Bob-iday
0%
6:9Sacred Couch
0%
1:3Sacred Cow
0%
12:20Sauce Side Story
0%
7:2Sea Me Now
0%
6:18Secret Admiral-er
0%
12:5Seven-tween Again
0%
1:4Sexy Dance Fighting
0%
6:8Sexy Dance Healing
0%
11:15Sheshank Redumption
0%
13:9Show Mama From the Grave
0%
8:4Sit Me Baby One More Time
0%
8:11Sleeping with the Frenemy
0%
6:1Sliding Bobs
0%
4:9Slumber Party
0%
8:21Something Old, Something New, Something Bob Caters for You
0%
13:5So You Stink You Can Dance
0%
1:9Spaghetti Western and Meatballs
0%
5:9Speakeasy Rider
0%
6:12Stand by Gene
0%
11:20Steel Magazine-olias
0%
13:13Stop! Or My Mom Will Sleuth!
0%
12:8Stuck in the Kitchen with You
0%
2:3Synchronized Swimming
0%
10:18Tappy Tappy Tappy Tap Tap Tap
0%
7:3Teen-a Witch
0%
11:21Tell Me Dumb Thing Good
0%
8:5Thanks-hoarding
0%
6:6The Cook, the Steve, the Gayle, & Her Lover
0%
3:6The Deepening
0%
4:17The Equestranauts
0%
9:15The Fresh Princ-ipal
0%
6:3The Hauntening
0%
10:6The Hawkening: Look Who's Hawking Now!
0%
9:12The Helen Hunt
0%
6:14The Hormone-iums
0%
8:12The Hurt Soccer
0%
3:20The Kids Run the Restaurant
0%
7:18The Laser-inth
0%
7:7The Last Gingerbread House on the Left
0%
7:19Thelma & Louise Except Thelma is Linda
0%
5:12The Millie-churian Candidate
0%
13:10The Plight Before Christmas
0%
12:3The Pumpkinening
0%
13:2The Reeky Lake Show
0%
7:10There's No Business Like Mr. Business Business
0%
10:1The Ring (But Not Scary)
0%
5:16The Runaway Club
0%
13:14These Boots Are Made for Stalking
0%
8:10The Secret Ceramics Room of Secrets
0%
8:2The Silence of the Louise
0%
12:17The Spider House Rules
0%
9:2The Taking of Funtime One, Two, Three
0%
11:8The Terminalator II: Terminals of Endearment
0%
8:14The Trouble with Doubles
0%
3:8The Unbearable Like-Likeness of Gene
0%
8:3The Wolf of Wharf Street
0%
7:4They Serve Horses, Don't They?
0%
10:13Three Girls and a Little Wharfy
0%
5:2Tina and the Real Ghost
0%
3:7Tinarannosaurus Wrecks
0%
5:7Tina Tailor Soldier Spy
0%
3:16Topsy
0%
12:11Touch of Eval(uations)
0%
9:3Tweentrepeneurs
0%
3:17Two for Tina
0%
4:14Uncle Teddy
0%
11:22Vampire Disco Death Dance
0%
8:8V For Valentine-detta
0%
12:14Video Killed the Gene-io Star
0%
6:13Wag the Hog
0%
10:14Wag the Song
0%
4:21Wharf Horse
0%
13:16What a (April) Fool Believes
0%
9:17What About Blob?
0%
13:3What About Job?
0%
4:22World Wharf II: The Wharfening
0%
11:2Worms of In-Rear-ment
0%
11:10Yachty or Nice
0%
9:22Yes Without My Zeke
0%
8:9Y Tu Ga-Ga Tambien
0%
11:16Y Tu Tina También
0%
10:15Yurty Rotten Scoundrels
0%
7:17Zero Larp Thirty
0%

Score Distribution

Percentile by Number Answered

Percent of People with Each Score

Your Score History

You have not taken this quiz since the last reset